[Event "Verbandsliga MV 2014-15"]
[Site "Mecklenburg-Vorpommern"]
[Date "2014.11.09"]
[Round "2.7"]
[White "Hodl, Ingolf"]
[Black "Feindura, Rene"]
[Result "0-1"]
[WhiteElo "1932"]
[BlackElo "1846"]
[PlyCount "108"]
[EventType "team-tourn"]
[EventRounds "9"]
[WhiteTeam "SSC Rostock 07  II"]
[BlackTeam "SF Ostsee Warnemuende"]

1. e4 c5 2. Bc4 e6 3. Nc3 Nc6 4. Nf3 a6 5. a4 Qc7 6. d3 Nf6 7. Bg5 Be7 8. Bh4
d6 9. O-O O-O 10. Ne2 b6 11. c3 Bb7 12. Bg3 Rad8 13. Nd2 Ne5 14. Bxe5 dxe5 15.
Ng3 Qc6 16. Qb3 Ne8 17. Nf3 Bf6 18. Qc2 g6 19. Rad1 Nd6 20. Ba2 Kh8 21. c4 Nc8
22. Qc3 Qc7 23. b4 Na7 24. b5 a5 25. Bb1 Nc8 26. Qc1 Qe7 27. Rfe1 Rd7 28. Nf1
Bg7 29. Qe3 Rfd8 30. Bc2 Nd6 31. Qe2 Nc8 32. g4 Nd6 33. Ng3 Rg8 34. g5 f6 35.
gxf6 Qxf6 36. Kg2 Rf7 37. Ng1 Rgf8 38. Rf1 Nf5 39. Nxf5 gxf5 40. Kh1 Qh4 41. f3
f4 42. Qg2 Rf6 43. Qh3 Qg5 44. Rd2 Rh6 45. Qg2 Qf6 46. Nh3 Rg6 47. Qe2 Qh4 48.
Ng1 Bf6 49. Qe1 Qh5 50. h3 Rfg8 51. Rh2 Rg3 52. Bd1 Bh4 53. Qc3 Qg5 54. Ne2 Rg2
0-1

[Event "Verbandsliga MV 2014-15"]
[Site "Mecklenburg-Vorpommern"]
[Date "2014.11.09"]
[Round "2.8"]
[White "Laser, Dirk"]
[Black "Schamber, Dennis"]
[Result "0-1"]
[WhiteElo "1859"]
[BlackElo "1548"]
[PlyCount "86"]
[EventType "team-tourn"]
[EventRounds "9"]
[WhiteTeam "SF Ostsee Warnemuende"]
[BlackTeam "SSC Rostock 07  II"]

1. e4 c5 2. Nf3 e6 3. d4 cxd4 4. Nxd4 Nf6 5. Nc3 d6 6. Be3 Be7 7. f3 O-O 8. Qd2
a6 9. g4 Nc6 10. O-O-O Nxd4 11. Bxd4 b5 12. h4 Bb7 13. Kb1 Rc8 14. h5 b4 15.
Ne2 Nxe4 16. Qxb4 Qc7 17. Nc3 Nxc3+ 18. Bxc3 Bxf3 19. Bd3 Bxh1 20. Rxh1 d5 21.
Qa4 Qc6 22. Qf4 d4 23. Be4 Qc7 24. Qxc7 Rxc7 25. Bxd4 Rd7 26. Be3 Rfd8 27. Kc1
h6 28. Bd3 a5 29. Kd1 Bg5 30. Bf2 e5 31. Ke2 Re7 32. Bc5 Re6 33. Be4 Rd2+ 34.
Ke1 Rd8 35. Rh3 Be7 36. Be3 Rb8 37. b3 Bg5 38. Bf2 Rb4 39. Bf5 Re8 40. Rd3 e4
41. Rd7 e3 42. Bg3 e2 43. a3 Rf4 0-1

[Event "Verbandsliga MV 2014-15"]
[Site "Mecklenburg-Vorpommern"]
[Date "2014.11.23"]
[Round "3.1"]
[White "Springer, Guido"]
[Black "Ispirjan, Mikael"]
[Result "1/2-1/2"]
[WhiteElo "1768"]
[BlackElo "1980"]
[PlyCount "47"]
[EventType "team-tourn"]
[EventRounds "9"]
[WhiteTeam "SV Gryps"]
[BlackTeam "SAV Torgelow-Droegeheide 90"]

1. d4 Nf6 2. Nf3 c5 3. d5 e6 4. c4 exd5 5. cxd5 d6 6. Nc3 g6 7. Bg5 Bg7 8. e3
O-O 9. Be2 a6 10. a4 Bg4 11. O-O Bxf3 12. Bxf3 Nbd7 13. Be2 Re8 14. Qc2 Qc7 15.
Rac1 Qa5 16. e4 Rab8 17. f3 Ne5 18. Bd2 Qc7 19. b3 Ned7 20. Bd3 Nb6 21. a5 Nbd7
22. Na4 Rec8 23. b4 Qd8 24. bxc5 1/2-1/2

[Event "Verbandsliga MV 2014-15"]
[Site "Mecklenburg-Vorpommern"]
[Date "2014.11.23"]
[Round "3.2"]
[White "Schmekel, Florian"]
[Black "Voelsgen, Georg"]
[Result "0-1"]
[WhiteElo "1795"]
[BlackElo "1978"]
[PlyCount "68"]
[EventType "team-tourn"]
[EventRounds "9"]
[WhiteTeam "SAV Torgelow-Droegeheide 90"]
[BlackTeam "SV Gryps"]

1. d4 d5 2. c4 e6 3. Nc3 Bb4 4. cxd5 exd5 5. Bf4 Bxc3+ 6. bxc3 c6 7. e3 Bf5 8.
Be2 Nf6 9. Nf3 O-O 10. O-O Nbd7 11. c4 Qa5 12. Qb3 dxc4 13. Bxc4 b5 14. Bxf7+
Rxf7 15. Ng5 Bg6 16. Nxf7 Bxf7 17. Qc2 Bc4 18. Rfc1 Nd5 19. Bd6 N7f6 20. a4 Qd8
21. Bg3 Nb4 22. Qf5 a5 23. e4 Qxd4 24. e5 Qe4 25. Qg5 h6 26. Qd2 Nh5 27. axb5
Nxg3 28. hxg3 cxb5 29. Re1 Qf5 30. Qd6 Nc2 31. Qc6 Rf8 32. f4 Nxa1 33. e6 Nc2
34. Re5 Nd4 0-1

[Event "Verbandsliga MV 2014-15"]
[Site "Mecklenburg-Vorpommern"]
[Date "2014.11.23"]
[Round "3.3"]
[White "Windjaeger, Gerd"]
[Black "Zentgraf, Robert"]
[Result "0-1"]
[WhiteElo "1945"]
[BlackElo "2115"]
[PlyCount "70"]
[EventType "team-tourn"]
[EventRounds "9"]
[WhiteTeam "SV Gryps"]
[BlackTeam "SAV Torgelow-Droegeheide 90"]

1. d4 c5 2. e3 g6 3. Nf3 Bg7 4. b3 Nf6 5. Bb2 O-O 6. Be2 Qa5+ 7. Qd2 Qc7 8. O-O
Ne4 9. Qc1 d5 10. Nbd2 Rd8 11. Rd1 Nc6 12. c4 Nxd2 13. Rxd2 cxd4 14. Nxd4 Nxd4
15. Bxd4 Be6 16. cxd5 Qxc1+ 17. Rxc1 Rxd5 18. Bf3 Rd7 19. Rdc2 Bxd4 20. exd4
Rad8 21. Kf1 Bf5 22. Rc7 Bd3+ 23. Ke1 Ba6 24. d5 b6 25. R1c2 Bb7 26. Rxd7 Rxd7
27. Rd2 Kg7 28. Ke2 Kf6 29. Rd4 e5 30. Rd2 Ba6+ 31. Ke3 Ke7 32. g4 f6 33. Be4
Kd6 34. b4 Rc7 35. f4 Rc3+ 0-1

[Event "Verbandsliga MV 2014-15"]
[Site "Mecklenburg-Vorpommern"]
[Date "2014.11.23"]
[Round "3.4"]
[White "Lehmann, Ruben"]
[Black "Mauser, Tassilo Tino"]
[Result "1/2-1/2"]
[WhiteElo "1850"]
[BlackElo "1682"]
[PlyCount "79"]
[EventType "team-tourn"]
[EventRounds "9"]
[WhiteTeam "SAV Torgelow-Droegeheide 90"]
[BlackTeam "SV Gryps"]

1. d4 d5 2. c4 e6 3. Nf3 Nf6 4. e3 Be7 5. Nc3 O-O 6. Bd3 b6 7. O-O Bb7 8. Ne5
c5 9. cxd5 exd5 10. Bd2 Nc6 11. Nxc6 Bxc6 12. f3 Re8 13. Be1 c4 14. Bb1 b5 15.
a3 a5 16. Qd2 b4 17. axb4 axb4 18. Rxa8 Qxa8 19. Ne2 Bb5 20. Bh4 Qa6 21. Re1
Rc8 22. Nf4 Qd6 23. Bf5 Rd8 24. Bg3 Qb6 25. Bf2 g6 26. Bb1 Bc6 27. e4 c3 28.
bxc3 bxc3 29. Qxc3 Bb4 30. Qb3 Qa5 31. Re2 Bf8 32. Ra2 Qc7 33. e5 Rb8 34. Qc2
Qb7 35. Ra1 Ne8 36. Ba2 Qd7 37. Bb3 Rc8 38. Qd2 Ng7 39. Rc1 Rb8 40. Bc2 1/2-1/2

[Event "Verbandsliga MV 2014-15"]
[Site "Mecklenburg-Vorpommern"]
[Date "2014.11.23"]
[Round "3.5"]
[White "Mielke, Sven"]
[Black "Ehlers, Michael"]
[Result "0-1"]
[WhiteElo "1815"]
[BlackElo "1878"]
[PlyCount "52"]
[EventType "team-tourn"]
[EventRounds "9"]
[WhiteTeam "SV Gryps"]
[BlackTeam "SAV Torgelow-Droegeheide 90"]

1. e4 c5 2. Nf3 e6 3. d4 cxd4 4. Nxd4 Nf6 5. Nc3 Bb4 6. f3 Nc6 7. Be3 O-O 8.
Be2 e5 9. Nxc6 bxc6 10. O-O d5 11. exd5 cxd5 12. Na4 Qc7 13. Kh1 d4 14. Bg1 Rd8
15. Bd3 Bd7 16. a3 Be7 17. c4 dxc3 18. Nxc3 Bf5 19. Ne4 Nxe4 20. fxe4 Bxe4 21.
Bxe4 Rxd1 22. Raxd1 Rd8 23. Bd5 Bf6 24. g4 h6 25. h4 Rxd5 26. Rxd5 Qc4 0-1

[Event "Verbandsliga MV 2014-15"]
[Site "Mecklenburg-Vorpommern"]
[Date "2014.11.23"]
[Round "3.6"]
[White "Bauer, Norbert"]
[Black "Hollatz, Michael"]
[Result "1/2-1/2"]
[WhiteElo "1957"]
[BlackElo "1776"]
[PlyCount "75"]
[EventType "team-tourn"]
[EventRounds "9"]
[WhiteTeam "SAV Torgelow-Droegeheide 90"]
[BlackTeam "SV Gryps"]

1. d4 d5 2. c4 c6 3. Nf3 Nf6 4. Nc3 e6 5. Bg5 Nbd7 6. e3 Qa5 7. cxd5 exd5 8.
Bd3 Ne4 9. Qc2 Ndf6 10. O-O Nxg5 11. Nxg5 h6 12. Nf3 Bd6 13. Rfc1 O-O 14. a3
Qd8 15. b4 a6 16. Rab1 Bg4 17. Nd2 Nh5 18. Nf1 Qg5 19. Kh1 Be6 20. Ne2 f5 21.
f4 Qf6 22. a4 g5 23. g3 Qg7 24. b5 axb5 25. axb5 Rac8 26. bxc6 Rxc6 27. Qb2
Rxc1 28. Rxc1 Nf6 29. Qb6 Qe7 30. Kg2 Ng4 31. Kf3 Ra8 32. Qb1 Ra3 33. Rc3 gxf4
34. gxf4 Qh4 35. Nfg3 Nxh2+ 36. Kg2 Ng4 37. Kf3 Nh2+ 38. Kg2 1/2-1/2

[Event "Verbandsliga MV 2014-15"]
[Site "Mecklenburg-Vorpommern"]
[Date "2014.11.23"]
[Round "3.7"]
[White "Sadewasser, Lucie"]
[Black "Massloch, Philipp"]
[Result "0-1"]
[WhiteElo "1682"]
[BlackElo "1639"]
[PlyCount "58"]
[EventType "team-tourn"]
[EventRounds "9"]
[WhiteTeam "SV Gryps"]
[BlackTeam "SAV Torgelow-Droegeheide 90"]

1. e4 c5 2. Nc3 Nc6 3. f4 e6 4. Nf3 g6 5. d3 Bg7 6. h3 Nge7 7. g4 Nd4 8. e5
Nec6 9. Ne4 O-O 10. Nxd4 Qh4+ 11. Nf2 Nxd4 12. c3 Nc6 13. Be3 b6 14. Qd2 Qd8
15. h4 d5 16. exd6 Qxd6 17. Ne4 Qe7 18. h5 Rd8 19. hxg6 fxg6 20. Qh2 Bh8 21. f5
Ne5 22. O-O-O Nxg4 23. Bg5 Qxg5+ 24. Nxg5 Nxh2 25. Rxh2 Be5 26. Rg2 exf5 27.
Nf3 Bf4+ 28. Kc2 Bb7 29. Rf2 Be3 0-1

[Event "Verbandsliga MV 2014-15"]
[Site "Mecklenburg-Vorpommern"]
[Date "2014.11.23"]
[Round "3.8"]
[White "Troemer, Felix"]
[Black "Rogasch, Miriam"]
[Result "1-0"]
[WhiteElo "1461"]
[BlackElo "1747"]
[PlyCount "77"]
[EventType "team-tourn"]
[EventRounds "9"]
[WhiteTeam "SAV Torgelow-Droegeheide 90"]
[BlackTeam "SV Gryps"]

1. e4 e5 2. Nf3 Nc6 3. Nc3 Nf6 4. Bb5 Bb4 5. O-O O-O 6. d3 d6 7. Bg5 h6 8. Bh4
Bxc3 9. bxc3 Ne7 10. Bxf6 gxf6 11. Qd2 Kh7 12. d4 Ng6 13. Bd3 Bg4 14. Ne1 Rg8
15. Kh1 Nf4 16. g3 Nxd3 17. Qxd3 Qd7 18. Nf3 Qc6 19. Nd2 Rae8 20. f3 Bd7 21.
Rab1 Rg6 22. Rfe1 b6 23. Rf1 Reg8 24. Rg1 d5 25. dxe5 dxe4 26. Nxe4 fxe5 27.
Rbf1 Bf5 28. Qe3 Qc4 29. Ra1 Rc6 30. Rgf1 f6 31. g4 Bxe4 32. fxe4 Rxg4 33. Rad1
Rxe4 34. Rd7+ Kg6 35. Rg1+ Rg4 36. Rxg4+ Qxg4 37. Qd3+ e4 38. Qd5 Qe6 39. Qd2
1-0

[Event "Verbandsliga MV 2014-15"]
[Site "Mecklenburg-Vorpommern"]
[Date "2014.11.23"]
[Round "3.1"]
[White "Hornych, Christoph"]
[Black "Weyrich, Morten"]
[Result "0-1"]
[WhiteElo "2095"]
[BlackElo "2190"]
[PlyCount "122"]
[EventType "team-tourn"]
[EventRounds "9"]
[WhiteTeam "SF Ostsee Warnemuende"]
[BlackTeam "SF Schwerin  III"]

1. e4 e5 2. Bc4 Nf6 3. d3 Nc6 4. Nc3 Bb4 5. a3 Bxc3+ 6. bxc3 d5 7. exd5 Nxd5 8.
Qf3 Be6 9. Ne2 O-O 10. Rb1 Qd7 11. O-O Rab8 12. Bxd5 Bxd5 13. Qe3 Rfe8 14. c4
Be6 15. Bb2 f5 16. f4 e4 17. dxe4 fxe4 18. Rbd1 Qf7 19. f5 Bxc4 20. f6 g6 21.
Rf4 Bxe2 22. Qxe2 Rbd8 23. Rxd8 Nxd8 24. Rxe4 Rxe4 25. Qxe4 Qe6 26. Qh4 Qb6+
27. Bd4 Qb1+ 28. Kf2 Qxc2+ 29. Ke1 Nf7 30. Qf4 Qxg2 31. Qe3 Qc6 32. Qe7 Qh1+
33. Kd2 Qxh2+ 34. Kc3 Qd6 35. Bc5 Qd8 36. Qe6 h5 37. Bd4 Qd6 38. Qe8+ Qf8 39.
Qe4 Qxa3+ 40. Kc2 Qa4+ 41. Kb1 Qb4+ 42. Ka2 Qc4+ 43. Kb1 Kh7 44. Qe7 a5 45. Bb2
g5 46. Qf8 Kg6 47. Qg8+ Kf5 48. Qc8+ Kf4 49. Qh3 Qe4+ 50. Ka2 Qa4+ 51. Kb1 Qd1+
52. Ka2 a4 53. Qh2+ Kf5 54. Qxc7 Qb3+ 55. Kb1 Qd1+ 56. Ka2 Qd5+ 57. Kb1 h4 58.
Qc8+ Kg6 59. Qe8 h3 60. Qg8+ Kh5 61. Qh7+ Kg4 0-1

[Event "Verbandsliga MV 2014-15"]
[Site "Mecklenburg-Vorpommern"]
[Date "2014.11.23"]
[Round "3.2"]
[White "Hanisch, Sebastian"]
[Black "Ruesch, Hans Joachim"]
[Result "0-1"]
[WhiteElo "2017"]
[BlackElo "1976"]
[PlyCount "82"]
[EventType "team-tourn"]
[EventRounds "9"]
[WhiteTeam "SF Schwerin  III"]
[BlackTeam "SF Ostsee Warnemuende"]

1. d4 g6 2. c4 Bg7 3. Nc3 Nf6 4. e4 d6 5. h3 O-O 6. Nf3 e5 7. dxe5 dxe5 8. Bg5
Nbd7 9. Be2 c6 10. b4 Qe7 11. Rb1 Rd8 12. Qc2 Nf8 13. O-O Ne6 14. Bh4 Nd4 15.
Qb2 h6 16. Nd2 g5 17. Bg3 Nxe2+ 18. Nxe2 Rxd2 19. Qxd2 Nxe4 20. Qc1 Be6 21. f3
Nd6 22. c5 Nc4 23. Rd1 f5 24. Nc3 Rd8 25. Bf2 Rxd1+ 26. Qxd1 e4 27. Bd4 exf3
28. gxf3 f4 29. Qd3 Qd7 30. Rd1 Nb2 31. Qg6 Nxd1 32. Bxg7 Bf5 33. Qxh6 Qxg7 34.
Qxg7+ Kxg7 35. Nxd1 Bxh3 36. Nc3 Bf5 37. b5 Kf6 38. a4 Ke5 39. a5 a6 40. bxa6
bxa6 41. Na2 Bd3 0-1

[Event "Verbandsliga MV 2014-15"]
[Site "Mecklenburg-Vorpommern"]
[Date "2014.11.23"]
[Round "3.3"]
[White "Schumacher, Dirk"]
[Black "Roehl, Rainer"]
[Result "0-1"]
[WhiteElo "1955"]
[BlackElo "2007"]
[PlyCount "46"]
[EventType "team-tourn"]
[EventRounds "9"]
[WhiteTeam "SF Ostsee Warnemuende"]
[BlackTeam "SF Schwerin  III"]

1. Nf3 c5 2. c4 g6 3. d4 cxd4 4. Qxd4 Nf6 5. Nc3 Nc6 6. Qd1 Bg7 7. g3 d6 8. Bg2
O-O 9. O-O Qa5 10. Nd5 Nxd5 11. cxd5 Ne5 12. Nxe5 Bxe5 13. Bg5 Re8 14. Bd2 Qa6
15. Bc3 Bxc3 16. bxc3 Bg4 17. f3 Bd7 18. e4 Rac8 19. Qb3 b6 20. Rf2 Rc5 21. Bf1
Bb5 22. Bxb5 Rxb5 23. Qc4 Rb1+ 0-1

[Event "Verbandsliga MV 2014-15"]
[Site "Mecklenburg-Vorpommern"]
[Date "2014.11.23"]
[Round "3.4"]
[White "Kross, Gunnar"]
[Black "Hamann, Dirk"]
[Result "1/2-1/2"]
[WhiteElo "1965"]
[BlackElo "1892"]
[PlyCount "79"]
[EventType "team-tourn"]
[EventRounds "9"]
[WhiteTeam "SF Schwerin  III"]
[BlackTeam "SF Ostsee Warnemuende"]

1. d4 Nf6 2. Nf3 g6 3. c4 Bg7 4. Nc3 O-O 5. g3 d6 6. Bg2 c6 7. O-O Nbd7 8. e4
e5 9. Bg5 Qc7 10. d5 c5 11. Nd2 a6 12. a4 h6 13. Be3 a5 14. Nb5 Qb8 15. f4 h5
16. h3 exf4 17. Bxf4 Ne8 18. Qc2 Ne5 19. Nf3 Nxf3+ 20. Rxf3 Bd7 21. Raf1 Bxb5
22. axb5 b6 23. Bg5 Ra7 24. Kh2 Be5 25. Bh6 Ng7 26. Bg5 Ne8 27. Bf4 Bg7 28. g4
hxg4 29. hxg4 Qd8 30. Bh3 Qe7 31. Kg2 Be5 32. Qc1 Bxf4 33. Qxf4 Qh4 34. g5 Qxf4
35. Rxf4 Re7 36. Kf3 Re5 37. Rg1 Ng7 38. Bd7 Rd8 39. Bc6 Nh5 40. Rfg4 1/2-1/2

[Event "Verbandsliga MV 2014-15"]
[Site "Mecklenburg-Vorpommern"]
[Date "2014.11.23"]
[Round "3.5"]
[White "Wolke, Heiko"]
[Black "Helms, Sven"]
[Result "1/2-1/2"]
[WhiteElo "1950"]
[BlackElo "1928"]
[PlyCount "98"]
[EventType "team-tourn"]
[EventRounds "9"]
[WhiteTeam "SF Ostsee Warnemuende"]
[BlackTeam "SF Schwerin  III"]

1. e4 e6 2. d3 d5 3. Nd2 Nf6 4. Ngf3 c5 5. g3 Nc6 6. Bg2 b5 7. O-O Bb7 8. a4 b4
9. exd5 exd5 10. c3 Be7 11. d4 cxd4 12. Nxd4 Nxd4 13. cxd4 Rc8 14. Nf3 Ne4 15.
Bf4 Bd6 16. Be5 O-O 17. Qd3 f6 18. Bxd6 Qxd6 19. Rfc1 Ba6 20. Qe3 Rxc1+ 21.
Rxc1 Rc8 22. Rxc8+ Bxc8 23. Nd2 f5 24. Nxe4 dxe4 25. Bf1 Be6 26. Qd2 a5 27. Bb5
h6 28. Kg2 g5 29. h4 f4 30. hxg5 hxg5 31. gxf4 gxf4 32. f3 Bd5 33. fxe4 Bxe4+
34. Kf1 Qh6 35. Qf2 Qh3+ 36. Ke1 f3 37. Qg1+ Kf8 38. Qe3 Qh4+ 39. Qf2 Qf4 40.
Kd1 Bd5 41. Qd2 Bb3+ 42. Ke1 Qh4+ 43. Qf2 Qe4+ 44. Kd2 Qf4+ 45. Qe3 Qh2+ 46.
Ke1 Qh1+ 47. Kf2 Qg2+ 48. Ke1 Qh1+ 49. Kf2 Qg2+ 1/2-1/2

[Event "Verbandsliga MV 2014-15"]
[Site "Mecklenburg-Vorpommern"]
[Date "2014.11.23"]
[Round "3.6"]
[White "Kupfernagel, Michael"]
[Black "Birnbaum, Wolf Dieter"]
[Result "0-1"]
[WhiteElo "1902"]
[BlackElo "1784"]
[PlyCount "124"]
[EventType "team-tourn"]
[EventRounds "9"]
[WhiteTeam "SF Schwerin  III"]
[BlackTeam "SF Ostsee Warnemuende"]

1. e4 Nf6 2. e5 Nd5 3. d4 d6 4. c4 Nb6 5. exd6 cxd6 6. Nc3 g6 7. Be3 Bg7 8. Rc1
O-O 9. Nf3 Nc6 10. Be2 Bg4 11. b3 d5 12. c5 Nc8 13. O-O e6 14. Ne1 Bxe2 15.
Nxe2 Qa5 16. Nd3 N8e7 17. a4 Nf5 18. b4 Qc7 19. b5 Ncxd4 20. Nxd4 Nxd4 21. Nb4
Nf5 22. Bd2 a6 23. b6 Qd7 24. c6 bxc6 25. Rxc6 a5 26. Rc7 Qd6 27. Rc6 Qd8 28.
Nc2 Qd7 29. Rc7 Qxa4 30. Qb1 Rac8 31. Rc1 Be5 32. Ra7 Rc5 33. Ne3 Rb5 34. Qd3
Rb8 35. Nxf5 gxf5 36. Qe3 Bg7 37. Qg3 R5xb6 38. Qc7 Qe8 39. Rxa5 Rb1 40. Rac5
Qa4 41. h3 Qa1 42. Qxb8+ Rxb8 43. Rxa1 Bxa1 44. Kf1 Bd4 45. Rc7 Kg7 46. Ke2 Rb2
47. f4 Bb6 48. Rb7 Bd4 49. Rc7 Rb3 50. Rc6 Rg3 51. Kf1 Ra3 52. Ke2 Ra1 53. Kd3
Bf6 54. Ke2 Rg1 55. Kf3 Bd4 56. Ba5 Rf1+ 57. Kg3 Ra1 58. Bc7 Ra3+ 59. Kh2 Rc3
60. Rxc3 Bxc3 61. Kg3 f6 62. Kf3 e5 0-1

[Event "Verbandsliga MV 2014-15"]
[Site "Mecklenburg-Vorpommern"]
[Date "2014.11.23"]
[Round "3.7"]
[White "Schmidt, Reinhard"]
[Black "Dittrich, Carsten"]
[Result "1/2-1/2"]
[WhiteElo "1815"]
[BlackElo "1845"]
[PlyCount "63"]
[EventType "team-tourn"]
[EventRounds "9"]
[WhiteTeam "SF Ostsee Warnemuende"]
[BlackTeam "SF Schwerin  III"]

1. e4 c6 2. d4 d5 3. exd5 cxd5 4. Bd3 Nc6 5. c3 Nf6 6. f3 e5 7. dxe5 Nxe5 8.
Bc2 Bc5 9. Ne2 Nh5 10. Nd4 Qh4+ 11. Ke2 O-O 12. Qe1 Qe7 13. Kd1 Re8 14. Nd2 Qf6
15. Qf1 Bxd4 16. cxd4 Nc6 17. Qd3 g6 18. Nb3 Bf5 19. Qd2 Bxc2+ 20. Kxc2 Rac8
21. Kd1 Ng7 22. Qf4 Qe6 23. Qd2 b6 24. Re1 Qxe1+ 25. Qxe1 Rxe1+ 26. Kxe1 Nf5
27. Bg5 Nfxd4 28. Nxd4 Nxd4 29. Rd1 Ne6 30. Bf6 d4 31. Rd2 h6 32. Bxd4 1/2-1/2

[Event "Verbandsliga MV 2014-15"]
[Site "Mecklenburg-Vorpommern"]
[Date "2014.11.23"]
[Round "3.8"]
[White "Siegert, Gregor"]
[Black "Feindura, Rene"]
[Result "1-0"]
[WhiteElo "1849"]
[BlackElo "1846"]
[PlyCount "61"]
[EventType "team-tourn"]
[EventRounds "9"]
[WhiteTeam "SF Schwerin  III"]
[BlackTeam "SF Ostsee Warnemuende"]

1. Nf3 Nf6 2. g3 g6 3. Bg2 Bg7 4. O-O O-O 5. d4 d6 6. c4 Nc6 7. Nc3 a6 8. e4 e5
9. d5 Ne7 10. b4 a5 11. bxa5 Rxa5 12. a4 b6 13. Ba3 Ra8 14. Bb4 Ba6 15. Nd2 Bh6
16. Nb5 c5 17. Bc3 Bc8 18. f4 Ng4 19. Qe2 Bg7 20. h3 Nh6 21. fxe5 dxe5 22. Nb3
Bd7 23. a5 Bxb5 24. cxb5 Nc8 25. axb6 Rxa1 26. Rxa1 c4 27. Qxc4 Qxb6+ 28. Qc5
Qxc5+ 29. Nxc5 Nd6 30. b6 Rc8 31. Bb4 1-0

[Event "Verbandsliga MV 2014-15"]
[Site "Mecklenburg-Vorpommern"]
[Date "2014.11.23"]
[Round "3.1"]
[White "Mehl, Ronald"]
[Black "Stutz, Reno"]
[Result "1/2-1/2"]
[WhiteElo "2095"]
[BlackElo "1947"]
[PlyCount "26"]
[EventType "team-tourn"]
[EventRounds "9"]
[WhiteTeam "FHSG Stralsund"]
[BlackTeam "ASV Gruen-Weiss Wismar"]

1. Nf3 Nf6 2. g3 c5 3. c4 Nc6 4. Bg2 e6 5. O-O d5 6. d4 Be7 7. e3 O-O 8. Qe2 b6
9. Ne5 Bb7 10. Nc3 cxd4 11. Nxc6 Bxc6 12. exd4 Rc8 13. cxd5 Nxd5 1/2-1/2

[Event "Verbandsliga MV 2014-15"]
[Site "Mecklenburg-Vorpommern"]
[Date "2014.11.23"]
[Round "3.2"]
[White "Kliewe, Hans Juergen"]
[Black "Hubert, Peter"]
[Result "1/2-1/2"]
[WhiteElo "1972"]
[BlackElo "1999"]
[PlyCount "72"]
[EventType "team-tourn"]
[EventRounds "9"]
[WhiteTeam "ASV Gruen-Weiss Wismar"]
[BlackTeam "FHSG Stralsund"]

1. d4 Nf6 2. Bf4 d5 3. e3 e6 4. Nf3 Bd6 5. Ne5 O-O 6. Nd2 c5 7. c3 Qc7 8. Ndf3
Nc6 9. Bd3 h6 10. Bc2 Nd7 11. Nxc6 bxc6 12. Bxd6 Qxd6 13. O-O Rb8 14. Rb1 f5
15. Re1 a5 16. Nd2 e5 17. dxe5 Qxe5 18. Nf3 Qf6 19. Bb3 c4 20. Bc2 Ne5 21. Nxe5
Qxe5 22. Qd4 Qxd4 23. exd4 Kf7 24. Re5 Re8 25. f4 Rxe5 26. fxe5 c5 27. b3 Ke6
28. Rf1 g6 29. g4 Ke7 30. bxc4 cxd4 31. cxd5 dxc3 32. Bb3 Rb4 33. d6+ Kd8 34.
gxf5 Rg4+ 35. Kf2 Rf4+ (35... a4 $1 36. Bd1 (36. Rc1 axb3 37. axb3 Rf4+ 38. Ke3
Rxf5 39. Kd4 Rf4+ 40. Ke3 Rh4 41. Rxc3 Bf5 $19) 36... Rf4+ 37. Bf3 Bb7 38. Ke1
Rxf5 $19) 36. Ke1 Re4+ 1/2-1/2

[Event "Verbandsliga MV 2014-15"]
[Site "Mecklenburg-Vorpommern"]
[Date "2014.11.23"]
[Round "3.3"]
[White "Manke, Karsten"]
[Black "Littke, Helmut"]
[Result "0-1"]
[WhiteElo "1781"]
[BlackElo "1992"]
[PlyCount "42"]
[EventType "team-tourn"]
[EventRounds "9"]
[WhiteTeam "FHSG Stralsund"]
[BlackTeam "ASV Gruen-Weiss Wismar"]

1. e4 c5 2. Nf3 d6 3. d4 cxd4 4. Nxd4 Nf6 5. Nc3 a6 6. a4 e5 7. Nb3 Be6 8. Be2
Be7 9. Be3 Nbd7 10. O-O O-O 11. f3 Nb6 12. Na5 Qc7 13. Kh1 d5 14. exd5 Nbxd5
15. Nxd5 Nxd5 16. Bd2 Rfd8 17. Qc1 Nb4 18. Bxb4 Bxb4 19. Nb3 Rac8 20. Rd1 Rxd1+
21. Qxd1 Qxc2 0-1

[Event "Verbandsliga MV 2014-15"]
[Site "Mecklenburg-Vorpommern"]
[Date "2014.11.23"]
[Round "3.4"]
[White "Schulz, Bernd"]
[Black "Giese, Lothar"]
[Result "1/2-1/2"]
[WhiteElo "1875"]
[BlackElo "1787"]
[PlyCount "61"]
[EventType "team-tourn"]
[EventRounds "9"]
[WhiteTeam "ASV Gruen-Weiss Wismar"]
[BlackTeam "FHSG Stralsund"]

1. e4 d6 2. d4 g6 3. Nf3 Bg7 4. Be2 Nf6 5. Nc3 O-O 6. O-O c6 7. h3 b5 8. Bd3 b4
9. Ne2 Nbd7 10. c3 bxc3 11. Nxc3 e5 12. dxe5 Nxe5 13. Nxe5 dxe5 14. Qc2 Be6 15.
Be3 Qc8 16. f3 Nh5 17. Kh2 Nf4 18. Rfd1 Rd8 19. Bf1 g5 20. b3 h5 21. Ne2 g4 22.
fxg4 hxg4 23. hxg4 Bxg4 24. Rac1 Rxd1 25. Rxd1 Qe6 26. Qd2 Bxe2 27. Bxe2 Qh6+
28. Kg1 Bf6 29. Bxf4 exf4 30. Qd3 c5 31. Qh3 1/2-1/2

[Event "Verbandsliga MV 2014-15"]
[Site "Mecklenburg-Vorpommern"]
[Date "2014.11.23"]
[Round "3.5"]
[White "Glawe, Hartmut"]
[Black "Bahr, Enrico"]
[Result "1/2-1/2"]
[WhiteElo "1865"]
[BlackElo "1836"]
[Annotator "Pentzien,Volker"]
[PlyCount "49"]
[EventType "team-tourn"]
[EventRounds "9"]
[WhiteTeam "FHSG Stralsund"]
[BlackTeam "ASV Gruen-Weiss Wismar"]

1. d4 Nf6 2. Nf3 d5 3. c4 c6 4. cxd5 Nxd5 5. e4 Nf6 6. Nc3 Bg4 7. Bc4 e6 8. a4
Bb4 9. Qd3 Nbd7 10. O-O O-O 11. Ne2 a6 12. Bg5 Be7 13. a5 c5 14. e5 Nd5 15.
Bxd5 exd5 16. Bxe7 Qxe7 17. dxc5 Nxe5 18. Nxe5 Bxe2 19. Qxe2 f6 20. Rfe1 fxe5
21. Qxe5 Qxc5 22. Qg3 Rae8 23. Rec1 Qb5 24. h3 Rf7 25. Qc3 {Beide Spieler
geben jetzt Df4 als nächsten schwarzen Zug an, was ja nicht möglich ist. Die
Partie endete im 59.Zug remis.} 1/2-1/2

[Event "Verbandsliga MV 2014-15"]
[Site "Mecklenburg-Vorpommern"]
[Date "2014.11.23"]
[Round "3.6"]
[White "Borchert, Ulf"]
[Black "Rickmann, Niklas"]
[Result "1/2-1/2"]
[WhiteElo "1851"]
[BlackElo "1758"]
[PlyCount "95"]
[EventType "team-tourn"]
[EventRounds "9"]
[WhiteTeam "ASV Gruen-Weiss Wismar"]
[BlackTeam "FHSG Stralsund"]

1. d4 g6 2. Nf3 Bg7 3. e4 d6 4. Be3 Nf6 5. Nbd2 O-O 6. h3 c6 7. Bd3 Nbd7 8. O-O
e5 9. dxe5 dxe5 10. Nc4 Qc7 11. Nh2 Nh5 12. c3 Rd8 13. Qe2 Nf8 14. g4 Nf4 15.
Bxf4 exf4 16. Rfd1 Ne6 17. Bc2 b5 18. Nd2 Bb7 19. Ndf3 a5 20. Rxd8+ Rxd8 21.
Rd1 Rxd1+ 22. Qxd1 c5 23. Qe2 Bc6 24. Nf1 Qd7 25. Kh2 Qd6 26. Bb3 Ng5 27. N1d2
Nxf3+ 28. Nxf3 Kf8 29. Kg2 a4 30. Bc2 Ke7 31. Ne1 h6 32. f3 c4 33. Bb1 h5 34.
Nc2 hxg4 35. hxg4 Bd7 36. Nb4 Be6 37. Bc2 Kd7 38. Qd1 Qxd1 39. Bxd1 g5 40. a3
Be5 41. Nc2 f6 42. Nd4 Bxd4 43. cxd4 Kd6 44. Kf2 Bd7 45. Ke2 Bc6 46. Kd2 Bd7
47. Kc3 Kc6 48. Kb4 1/2-1/2

[Event "Verbandsliga MV 2014-15"]
[Site "Mecklenburg-Vorpommern"]
[Date "2014.11.23"]
[Round "3.7"]
[White "Vietinghoff, Klaus"]
[Black "Pentzien, Volker"]
[Result "0-1"]
[WhiteElo "1690"]
[BlackElo "1830"]
[PlyCount "90"]
[EventType "team-tourn"]
[EventRounds "9"]
[WhiteTeam "FHSG Stralsund"]
[BlackTeam "ASV Gruen-Weiss Wismar"]

1. f4 d5 2. Nf3 c5 3. e3 Nc6 4. Bb5 Bd7 5. Bxc6 Bxc6 6. d3 Nf6 7. O-O e6 8.
Nbd2 Be7 9. Ne5 Qb6 10. Ndf3 O-O 11. g4 Nd7 12. Nxd7 Bxd7 13. Ne5 Be8 14. g5 f6
15. gxf6 Rxf6 16. Kh1 Rf5 17. Rg1 Bh5 18. Qf1 Qc7 19. Qg2 Bd6 20. Ng4 Bxg4 21.
Qxg4 Raf8 22. Bd2 d4 23. e4 R5f6 24. e5 Rg6 25. Qe2 Qc6+ 26. Rg2 Be7 27. Kg1
Rxg2+ 28. Qxg2 Qxg2+ 29. Kxg2 Rf5 30. Rf1 Bh4 31. Rf3 g5 32. Kh3 Kg7 33. Kg2
Kg6 34. h3 h5 35. Rf1 gxf4 36. Bxf4 Bg5 37. Kg3 Bxf4+ 38. Rxf4 Rxe5 39. h4 Rf5
40. a4 e5 41. Re4 Kf6 42. Re2 Rf1 43. Rf2+ Rxf2 44. Kxf2 Kf5 45. Kf3 c4 0-1